Guess The KPOP Act By Their National Title - Statistics

General Stats
  • This quiz has been taken 77 times
  • The average score is 4 of 19
Answer Stats
Hint Answer % Correct
Nation's Golden Maknae Jungkook
92%
Nation’s Girl Group Twice
59%
Nation's Younger Sister IU
51%
Nation’s Pride BTS
34%
Nation’s First Love Bae Suzy
27%
Nation's Siblings AKMU
24%
Nation’s Boy Group Bigbang
24%
Koreas Royal Maknae Lisa
20%
Living National Treasures BTS
14%
Nation’s Thief Rain
12%
Nation’s Ideal Type Yoona
12%
Nation’s Boyfriend Eric Nam
8%
Nation's Best Friend Nayeon
7%
Nation's Sweetheart Bae Suzy
5%
Nation’s Pick Exo
5%
Nations's Babyboy Jungkook
5%
Nation’s Center Kang Daniel
5%
Nation’s Fairy Lee Hyori
5%
Nation’s MC Yoo Jaesuk
2%
No matching quizzes found
Score Distribution
Percent of People with Each Score
Percentile by Number Answered
Your Score History
You have not taken this quiz